UM Logo

Plane trigonometry/ (Record no. 2841)

MARC details
000 -LEADER
fixed length control field 00564nam a22001817a 4500
008 - FIXED-LENGTH DATA ELEMENTS--GENERAL INFORMATION
fixed length control field 160527b xxu||||| |||| 00| 0 eng d
020 ## - INTERNATIONAL STANDARD BOOK NUMBER
International Standard Book Number 9719218525
082 ## - DEWEY DECIMAL CLASSIFICATION NUMBER
Edition number 2000
Classification number DFil 516.24
Item number L88
100 ## - MAIN ENTRY--PERSONAL NAME
9 (RLIN) 9439
Personal name Loquinte, Dioscoro M.
245 ## - TITLE STATEMENT
Title Plane trigonometry/
Statement of responsibility, etc. Dioscoro M. Loquinte
250 ## - EDITION STATEMENT
Edition statement Editio 2000
260 ## - PUBLICATION, DISTRIBUTION, ETC. (IMPRINT)
Place of publication, distribution, etc. Cagayan De Oro City:
Name of publisher, distributor, etc. MPSC Publishing House,
Date of publication, distribution, etc. c2000.
300 ## - PHYSICAL DESCRIPTION
Extent 179 pages:
Other physical details illustrations;
Dimensions 25.5 cm.
500 ## - GENERAL NOTE
General note Include index.
650 #0 - SUBJECT ADDED ENTRY--TOPICAL TERM
9 (RLIN) 9443
Topical term or geographic name as entry element Trigonometry
700 ## - ADDED ENTRY--PERSONAL NAME
9 (RLIN) 9445
Personal name Tarepe, Dennis A.
Relator term Author
942 ## - ADDED ENTRY ELEMENTS (KOHA)
Source of classification or shelving scheme Dewey Decimal Classification
Koha item type Filipiniana
Holdings
Withdrawn status Lost status Source of classification or shelving scheme Damaged status Not for loan Collection code Home library Current library Date acquired Source of acquisition Total Checkouts Full call number Barcode Date last seen Copy number Price effective from Koha item type Shelving location Date last checked out
    Dewey Decimal Classification     Filipiniana UM Digos College - LIC UM Digos College - LIC 09/13/2006 Purchased   DFil 516.24 L88 2000 14630 05/15/2025 1 05/27/2016 Filipiniana    
    Dewey Decimal Classification     Filipiniana UM Digos College - LIC UM Digos College - LIC 09/13/2006 Purchased 1 DFil 516.24 L88 2000 14631 05/15/2025 2 06/03/2016 Filipiniana Book Cart 03/05/2018
    Dewey Decimal Classification     Filipiniana UM Digos College - LIC UM Digos College - LIC 09/13/2006 Purchased   DFil 516.24 L88 2000 14633 06/08/2021 4 06/03/2016 Filipiniana    
    Dewey Decimal Classification     Filipiniana UM Digos College - LIC UM Digos College - LIC 09/13/2006 Purchased   DFil 516.24 L88 2000 14634 05/15/2025 5 06/03/2016 Filipiniana